[Event "Botvinnik Cup 2018"]
[Site "Moscow"]
[Date "2018.08.13"]
[Round "6"]
[White "Manukyan, Sevak N"]
[Black "Komliakov, Viktor"]
[Result "0-1"]
[WhiteElo "1799"]
[BlackElo "2366"]
[Annotator "TA"]
[PlyCount "214"]
[EventDate "2018.08.10"]
[EventCountry "RUS"]
[SourceTitle "playchess.com"]
[Source "ChessBase"]
[SourceQuality "1"]

{[%evp 12,214,34,32,29,6,10,8,10,-11,9,-4,13,5,30,39,37,-95,-36,-36,-36,-39,-41,-41,-35,-27,-33,-30,0,-49,-54,-43,-50,-109,-122,-111,-122,-159,-139,-125,-112,-135,-150,-139,-73,-212,-210,-209,-177,-201,-142,-111,-92,-78,420,415,400,0,0,0,59,72,60,70,54,44,100,94,75,0,117,76,86,6,18,18,202,0,155,175,176,156,185,191,145,162,157,0,0,0,0,0,0,0,0,0,0,0,0,0,0,0,0,0,0,0,0,0,0,0,0,0,0,0,0,0,0,0,0,0,0,0,0,0,0,0,0,0,0,0,0,0,0,0,0,0,0,0,0,0,0,0,0,-26,0,-650,-526,-1093,-1115,-369,0,-12847,-12847,-12848,-12848,-12850,-12850,-12850,-12851,-12851,-12851,-12851,-12851,-12851,-12851,-12851,-12851,-12851,-12851,-12851,-12851,-12851,-12851,-12851,-12851,-12851,-12851,-12851,-12851,-12851,-12851,-12851,-12851,-12851,-12851,-12851,-29981,-12851,-29982,-12851,-29982,-12851,-29983,-12851,-29986,-12851,-29987,-12851,-29988,-12851,-29991,-29991,-29992,-29992,-29993]} 1. d4 Nf6 2. c4 Nc6 3. Nc3 e5 4. d5 Ne7 5. g3 Ng6 6. Bg2 {A50: Queen's Fianchetto Defence (1 d4 Nf6 2 c4 b6)} Bc5 7. e4 {LiveBook: 7 Games} a6 8. h3 {White has an edge.} d6 9. Nge2 Bd7 10. a3 $146 ({Predecessor:} 10. Qd3 O-O 11. O-O b5 12. b3 b4 13. Nd1 {0-1 (44) Yang,K (1904)-Shabalov,A (2520) Phoenix 2015}) 10... Ba7 11. O-O h5 12. Bg5 Qc8 13. Bxf6 gxf6 14. h4 (14. Kh2 $14 {is the one way to stay ahead.}) 14... Bh3 (14... f5 $1 $17) 15. Kh2 $15 Bxg2 16. Kxg2 Qg4 17. Rh1 $1 O-O-O 18. Ng1 Qd7 19. Qf3 Rdg8 20. Qxf6 Nf4+ 21. Kf1 Nd3 $36 {[%mdl 2048] Black fights for an advantage.} 22. Rh2 (22. Nh3 $15) 22... Nxb2 $17 23. Nf3 Nxc4 24. Ng5 Rf8 25. Kg2 Bd4 26. Rc1 {intending Ne2.} Nxa3 27. Rhh1 b5 (27... Kb8 $142 28. Rhd1 b5) 28. Ne2 (28. Na2 $17) 28... Bb6 $1 $19 29. Rc6 Kb7 30. Rhc1 b4 31. Qf3 f5 32. Qb3 Rhg8 $2 {[%mdl 8192]} (32... fxe4 $17 {and life is bright.} 33. Nxe4 a5) 33. Qxb4 $18 Nb5 34. Ne6 $2 (34. Nc3 $18 Nxc3 35. R1xc3 Rxg5 36. hxg5 fxe4 37. Rxb6+ $1 {[%mdl 512]} cxb6 38. Rc6) 34... fxe4 35. Rxc7+ $1 Bxc7 (35... Nxc7 $11 36. Rxc7+ Qxc7 37. Nxc7 Rxf2+ 38. Kh3 Rxe2) 36. Rxc7+ $14 Qxc7 37. Nxc7 Kxc7 38. Qxe4 Kb6 (38... Rc8 $14) 39. Qe3+ $1 $16 {[%mdl 1024] White has strong compensation.} Kb7 40. Nc1 (40. Nc3 $16) 40... Rc8 (40... a5 $1 $11) 41. Nb3 Rc3 42. Na5+ (42. Qh6 $1 $16 {[%cal Rh6h7] Hoping for Qh7+.} Rgc8 43. Nd2) 42... Kc7 $11 43. Qh6 Kb6 $2 {[#]} (43... Rc8 $1 $11 {and Black is okay.}) 44. Nc6 $2 (44. Nb7 $1 $18 {[%mdl 512]}) 44... Kc5 $2 ({Better is} 44... a5 $11) 45. Qxh5 $16 Rf8 46. Qd1 Nd4 {[#]} 47. Qa4 $1 Kxd5 48. Nxd4 exd4 {[#]} 49. Qxa6 $2 $18 {[%mdl 4096] Endgame KQ-KRR} ({White should try} 49. Qa2+ $1 $16 Rc4 50. Qxa6) 49... Rc2 $1 $11 50. Qa5+ Ke4 51. Qe1+ Kd3 52. Qd1+ Kc3 53. Qa1+ Kd3 54. Qa6+ Kc3 55. Qa3+ Kc4 56. Qa4+ Kc3 57. Qa5+ Kc4 58. Qa6+ Kc3 59. Qa5+ Kc4 60. Qc7+ Kd3 61. Qxd6 Rcxf2+ 62. Kh3 R2f6 63. Qd5 Rf5 64. Qb3+ Ke4 65. Qe6+ Kf3 66. g4 Rf4 $1 67. h5 d3 {White must now prevent ...Rd8.} 68. Qd5+ Ke2 69. Qg2+ Ke3 {And now ...Re8 would win.} 70. Qg1+ Rf2 71. Qe1+ Re2 72. Qc1+ Kd4 73. Qa1+ Ke4 74. Qa4+ Kf3 75. Qc6+ Kf2 76. Qc5+ Re3+ 77. Kh4 Rfe8 {...Ke2 is the strong threat.} 78. Qd4 $2 {[%mdl 8192]} (78. h6 $11) 78... Ke2 $19 79. Qc4 R3e4 80. Qb5 Rg8 $2 (80... R8e6 $19 {aiming for ...Rd6.} 81. Qb8 R6e5 82. Qb2+ d2) 81. h6 $2 {[%mdl 8192]} (81. Qb2+ $11 d2 82. Qb5+ Kf2 83. Qf5+ Ke3 84. Qc5+ Ke2 85. Qb5+ Kf2 86. Qf5+ Kg1 87. Qxe4) 81... Rgxg4+ 82. Kh5 Rh4+ 83. Kg6 Re6+ 84. Kg5 Rhxh6 85. Qc4 Rhg6+ 86. Kf5 Rgf6+ 87. Kg5 Rd6 88. Qg4+ Ke3 89. Qg3+ Kd4 90. Qg1+ Kd5 91. Qg2+ Kc5 {( -> ...Rg6+)} 92. Qg1+ Kb5 93. Qb1+ Kc6 94. Qh1+ Kc7 95. Qc1+ Kd7 96. Qd2 Rfe6 97. Kf4 Re2 98. Qd1 d2 99. Qa4+ Ke7 100. Qa7+ Kf6 101. Qa1+ Kf7 102. Qa2+ Ree6 (102... Kf8 $19 103. Qa1 d1=Q 104. Qh8+ Ke7 105. Qh7+ Kd8 106. Qg8+ Kc7 107. Qc4+ Rc6 108. Qf7+ Kb6 109. Qh5 Qd6+ 110. Kf3 Qd3+ 111. Kf4 Re4+ 112. Kg5 Qd5#) 103. Qa7+ Re7 104. Qa2+ Kf8 105. Qa1 d1=Q 106. Qh8+ Kf7 107. Qh7+ Ke8 {Precision: White = 47%, Black = 47%.} 0-1

[Event "Botvinnik Cup 2018"]
[Site "Moscow"]
[Date "2018.08.13"]
[Round "6"]
[White "Orozbaev, Eldiar"]
[Black "Atabayev, Maksat"]
[Result "0-1"]
[WhiteElo "1785"]
[BlackElo "2505"]
[Annotator "TA"]
[PlyCount "124"]
[EventDate "2018.08.10"]
[EventCountry "RUS"]
[SourceTitle "playchess.com"]
[Source "ChessBase"]
[SourceQuality "1"]

{[%evp 9,124,-6,-5,-79,-80,-75,-85,-82,-73,-83,-81,-104,-107,-143,-114,-125,-122,-115,-113,-122,-114,-143,-143,-148,-162,-148,-142,-212,-209,-201,-170,-168,-164,-154,-126,-136,-108,-156,-141,-149,-30,-180,-175,-154,-55,-87,-49,-49,-37,-35,-34,-35,-35,-33,-11,-14,-32,-63,-63,-63,-68,-75,-76,-151,-146,-131,-57,-127,-141,-12838,-12839,-12839,-12839,-12840,-12840,-12841,-12841,-12841,-12841,-12842,-12843,-12843,-12843,-12846,-12847,-12850,-29961,-12851,-29977,-12851,-29976,-12851,-29979,-12851,-29982,-29982,-29983,-29983,-29981,-29981,-29982,-29982,-29982,-29982,-29983,-29985,-29986,-29985,-29986,-29986,-29987,-29987,-29986,-29985,-29986,-29988,-29989]} 1. d4 Nf6 2. Bf4 c5 3. c3 Qb6 (3... b6 4. e3 Bb7 5. h3 g6 6. Nf3 Bg7 7. Nbd2 O-O 8. Be2 d6 9. O-O Nbd7 10. a4 a6 11. Bh2 Bc6 12. Qb1 Qc8 13. b4 Ra7 14. Rc1 Qa8 15. Bf1 Ne4 16. b5 Nxd2 17. Nxd2 Bb7 18. Nc4 Be4 19. Qb2 a5 {½-½ (68) Usmanov,V (2459)-Rakhmanov,A (2669) Sochi 2017}) 4. Qb3 cxd4 5. Qxb6 axb6 6. Bxb8 {A45: Trompowsky Attack} (6. cxd4 $11 Nc6 7. Nc3) 6... dxc3 $1 $17 ({Of course not} 6... Rxb8 7. cxd4 e6 8. e3 $11) 7. Nxc3 {Hoping for Bg3.} ({But not} 7. Be5 $2 Rxa2 $1 {[%mdl 512]} 8. e3 (8. Rxa2 $2 {loses.} c2 $19) 8... c2 $19) 7... Rxb8 8. e4 {Black is better.} d6 9. Bd3 $146 ({Predecessor:} 9. Nf3 e6 10. Bb5+ Bd7 11. Bxd7+ Nxd7 {0-1 (34) Kansal,C (1793)-Uysal,B (1991) Antalya 2017}) 9... Bd7 {[%cal Bc8d7,Bd7c6,Bc6d5][%mdl 32]} 10. f4 Bc6 11. b4 d5 12. exd5 Nxd5 13. Nxd5 Bxd5 14. Kf2 e6 15. a3 Bd6 16. Ne2 Ke7 17. Rhe1 Rhc8 18. Rad1 (18. g3 $17) 18... Ra8 $19 19. Ra1 Bc4 20. Be4 Rc7 21. g3 Bxe2 22. Kxe2 h5 {[%cal Bh7h5,Bh5h4][%mdl 32]} 23. Reb1 {[#]} h4 $1 {[%mdl 512]} 24. Rb3 (24. gxh4 f5) 24... Rh8 (24... f5 $17 25. Bg2 g5 $1 {[%mdl 512]} 26. fxg5 hxg3 27. hxg3 Rc2+ 28. Kf1 Rg8) 25. Rh1 (25. Rd1 $11) 25... f5 26. Bf3 Kf6 ({Black should try} 26... e5 $17 {White must now prevent ...e4.} 27. fxe5 Bxe5) 27. Rd1 Be7 28. Re3 hxg3 29. hxg3 Rh2+ 30. Kf1 Kf7 31. Rde1 Rh6 32. Kg2 g5 {Strongly threatening ...gxf4.} 33. Bd1 gxf4 34. gxf4 Bd6 35. Bb3 {[%cal Re3e6] [#]} Re7 $1 36. Kg3 (36. Kf3 $142) 36... Re8 $17 37. Kf3 Rh3+ (37... Bb8 $17 {Threatens to win with ...b5.} 38. Bc4 Rh3+ 39. Ke2 Rh6) 38. Kf2 (38. Ke2 $15 Rh2+ 39. Kd3) 38... Rh2+ 39. Kg3 $2 {[%mdl 8192]} (39. Kf1 $17 Rh6 40. Rf3) 39... Reh8 $19 {[%csl Gh2][%cal Rh8h3]} 40. Bxe6+ Kf6 {[%csl Gh2][%cal Rh8h3]} 41. Bxf5 Kxf5 {[%csl Gh2][%cal Rh8h3]} 42. Re5+ Bxe5 43. Rxe5+ Kf6 44. Rb5 R2h3+ 45. Kg2 Rxa3 46. Rxb6+ Kf5 {( -> ...Rd8)} 47. Rxb7 Kxf4 48. Rf7+ Ke4 49. Re7+ Kd5 50. b5 Rb8 51. Rf7 Rxb5 52. Rf5+ {Black mates.} Kc6 53. Rf6+ Kb7 54. Rf7+ Kb6 55. Rf6+ Ka5 56. Rf2 Rg5+ 57. Kh2 Rb3 58. Ra2+ Kb4 59. Ra8 Rc5 60. Ra2 Ra5 61. Rc2 Ra1 62. Rd2 Ka3 {Precision: White = 30%, Black = 51%.} 0-1

[Event "Botvinnik Cup 2018"]
[Site "Moscow"]
[Date "2018.08.13"]
[Round "6"]
[White "Sakibaev, Nursultan"]
[Black "Atabayev, Maksat"]
[Result "0-1"]
[WhiteElo "1754"]
[BlackElo "2505"]
[Annotator "TA"]
[PlyCount "72"]
[EventDate "2018.08.10"]
[EventCountry "RUS"]
[SourceTitle "playchess.com"]
[Source "ChessBase"]
[SourceQuality "1"]

{[%evp 9,71,0,17,12,21,-16,0,-14,9,18,20,0,0,-18,-25,-18,-22,-27,-21,-39,-11,-38,-16,-44,-27,-58,-14,-53,-68,-59,0,-43,0,0,0,-12,0,-18,0,-33,-21,-55,-59,-58,0,0,0,0,0,0,0,0,0,0,0,0,0,0,0,-52,-52,-97,-104,-29999]} 1. d4 Nf6 2. c4 e6 3. Nf3 b6 4. g3 Ba6 5. e3 (5. b3 Bb4+ 6. Bd2 Be7 7. Bg2 c6 8. O-O d5 9. Qc2 Nbd7 10. Rd1 Rc8 11. a4 O-O 12. Na3 Bb7 13. Qb2 c5 14. Be1 Re8 15. e3 cxd4 16. Nxd4 a6 17. a5 Qc7 18. axb6 Qxb6 19. cxd5 Bxd5 20. Bxd5 Nxd5 {1-0 (67) Yu,Y (2751)-Ivanchuk,V (2726) Huaian 2017}) 5... Bb4+ 6. Bd2 {E15: Queen's Indian: 4 g3 sidelines, 4 g3 Ba6 and 4 g3 Bb7 early deviations} Be7 7. b3 $146 ({Predecessor:} 7. Bg2 Bb7 8. O-O O-O 9. Bc3 d5 10. Nbd2 c5 11. cxd5 Bxd5 12. dxc5 Bxc5 {½-½ (26) Sahovic,D (2279)-Djoric,D (2316) Serbia 2005}) 7... O-O 8. Bg2 {The position is equal.} c6 9. O-O d5 10. Qc2 Nbd7 11. Re1 Rc8 12. cxd5 cxd5 13. Qb2 Ne4 14. Nc3 {[%cal Bb1c3,Bc3e2,Be2f4][%mdl 32]} f5 15. a3 Bd6 16. Ne2 Qe7 17. Bf1 Ndf6 18. Nf4 Bxf1 19. Rxf1 Rc7 ({Black should try} 19... g5 $15 20. Nd3 Nxd2 21. Nxd2 g4) 20. Rfc1 Rfc8 21. Rxc7 Rxc7 22. Nd3 a5 23. a4 g5 {[%cal Bg7g5,Bg5g4][%mdl 32]} 24. Rc1 g4 25. Rxc7 Qxc7 26. Nfe5 Nxd2 (26... Nd7 $15) 27. Qxd2 $11 Ne4 28. Qb2 Kf8 29. Kg2 Ke7 30. h3 h5 31. hxg4 hxg4 32. Qb1 Ng5 33. Qh1 {[#] And now Qh4 would win.} Nh3 34. Ng6+ ({White should play} 34. Qd1 $11) 34... Kf6 $15 35. Ngf4 Qc2 {Hoping for ...Bxf4.} 36. Ne1 $4 {[%mdl 8192] [#]} (36. Qf1 $17) 36... Qxf2# {Precision: White = 27%, Black = 46%.} 0-1

[Event "Botvinnik Cup 2018"]
[Site "Moscow"]
[Date "2018.08.13"]
[Round "6"]
[White "Keller, Rostislav"]
[Black "Vaganian, Rafael A"]
[Result "1/2-1/2"]
[WhiteElo "1735"]
[BlackElo "2546"]
[Annotator "TA"]
[PlyCount "31"]
[EventDate "2018.08.10"]
[EventCountry "RUS"]
[SourceTitle "playchess.com"]
[Source "ChessBase"]
[SourceQuality "1"]

{[%evp 14,31,-6,-8,6,9,21,6,6,10,3,9,9,2,7,3,3,4,9,0]} 1. e4 e6 2. d4 d5 3. Bd3 c5 4. c3 cxd4 5. cxd4 dxe4 6. Bxe4 Nf6 7. Bf3 Nc6 8. Ne2 {LiveBook: 8 Games. The position is equal.} e5 {[#] White must now prevent ...e4. C01: French: Exchange Variation} (8... Be7 9. O-O O-O 10. Nbc3 Qd7 11. Qa4 Rd8 12. Bf4 Nb4 13. Qb3 Nbd5 14. Be5 b6 15. Nxd5 Nxd5 16. Nf4 Nxf4 17. Bxa8 {½-½ (42) Mamedov,N (2583)-Martinovic,S (2504) Aix les Bains 2011}) 9. Bxc6+ bxc6 10. O-O Bd6 11. dxe5 Bxe5 12. Qxd8+ Kxd8 13. Nbc3 $146 Ba6 14. Rd1+ Kc7 15. Bf4 Rhe8 16. Rac1 1/2-1/2

[Event "Botvinnik Cup 2018"]
[Site "Moscow"]
[Date "2018.08.13"]
[Round "6"]
[White "Kuliyev, Emin"]
[Black "Tologontegin, Semetey"]
[Result "0-1"]
[WhiteElo "1641"]
[BlackElo "2419"]
[Annotator "TA"]
[PlyCount "70"]
[EventDate "2018.08.10"]
[EventCountry "RUS"]
[SourceTitle "playchess.com"]
[Source "ChessBase"]
[SourceQuality "1"]

{[%evp 22,70,17,25,22,0,8,0,11,14,12,0,0,-4,0,-8,-16,-25,6,-2,0,-5,-5,-12,-7,-10,0,0,0,-38,10,0,15,15,15,15,16,-43,-45,-35,-41,-56,-47,-163,-170,-922,-914,-820,-797,-29997,-29998]} 1. c4 g6 2. Nc3 Bg7 3. Nf3 c5 4. g3 Nc6 5. Bg2 d6 6. O-O e6 7. e3 Nge7 8. d4 O-O 9. b3 b6 {A37: Symmetrical English vs ...g6: 4 Bg2 Bg7 5 Nf3} 10. Bb2 Bb7 11. dxc5 (11. Qd2 cxd4 12. Nxd4 d5 13. Nxc6 Bxc6 14. cxd5 Nxd5 15. Nxd5 Bxd5 16. Bxd5 Bxb2 17. Qxb2 Qxd5 {½-½ (70) Almasi,Z (2707)-Dubov,D (2677) Heraklio 2017}) 11... dxc5 12. Qe2 {LiveBook: 3 Games} Nf5 13. Ne4 {Black must now prevent Bxg7.} Qe7 14. Bxg7 Nxg7 15. Rfd1 Rfd8 16. Qb2 $146 ({Predecessor:} 16. Nc3) 16... Ne8 17. h4 h6 18. Nh2 f5 19. Nc3 Ne5 20. Qe2 Bxg2 21. Kxg2 Qb7+ 22. Kg1 Nf6 23. f4 Neg4 24. Nxg4 Nxg4 25. e4 Qc6 26. h5 Nf6 27. hxg6 {[#] Hoping for exf5.} fxe4 28. g4 {g5 is the strong threat.} Qc7 29. Nxe4 (29. Rf1 $11) 29... Qxf4 $15 30. Nxf6+ Qxf6 31. Re1 Rd6 32. Qh2 (32. Rad1 $15 Rad8 33. Rxd6 Rxd6 34. Qg2) 32... Rd4 $19 33. Rf1 $2 (33. Qe2) 33... Rxg4+ 34. Kh1 Qd4 {[#] ( -> ...Qe4+)} 35. Rad1 Qe4+ {Precision: White = 36%, Black = 74%.} 0-1

[Event "Botvinnik Cup 2018"]
[Site "Moscow"]
[Date "2018.08.13"]
[Round "6"]
[White "Yedigaryan, Asya"]
[Black "Komliakov, Viktor"]
[Result "0-1"]
[WhiteElo "1622"]
[BlackElo "2366"]
[Annotator "TA"]
[PlyCount "62"]
[EventDate "2018.08.10"]
[EventCountry "RUS"]
[SourceTitle "playchess.com"]
[Source "ChessBase"]
[SourceQuality "1"]

{[%evp 11,62,35,34,-23,-7,-24,-28,-10,-6,-29,0,0,0,-23,-13,-12,29,-36,7,0,0,-15,40,32,20,33,14,12,29,-14,-7,-44,35,-20,-6,-14,-16,-16,-10,-25,-13,-44,-44,-47,-17,-111,-110,-243,-65,-64,-78,-602,-596]} 1. e4 c5 2. Nf3 Nf6 3. Nc3 d5 4. exd5 Nxd5 5. Bc4 e6 6. O-O {B02: Alekhine's Defence: Chase Variation and lines with early Nc3} Be7 {LiveBook: 8 Games} 7. Ne4 (7. d4 $14) (7. Re1) 7... O-O $11 8. d4 {The position is equal.} Nb6 9. Be2 cxd4 10. Nxd4 a6 11. Nf3 $146 ({Predecessor:} 11. c3 Bd7 12. Qc2 Qc7 13. Ng5 Bxg5 14. Bxg5 {1-0 (88) Beaskoa Estany,G (1923)-Daguro Dasalla,A (2014) Hospitalet 2013}) 11... Nc6 12. Bg5 f6 13. Be3 Qc7 14. c3 (14. c4 $1 $11) 14... Na5 15. Qc2 Nd5 16. Bd2 e5 ({Black should try} 16... b5 $11) 17. c4 $14 {aiming for Bxa5.} Nb4 $1 {[%cal Rb4c2]} 18. Bxb4 Bxb4 19. a3 Be7 20. Nc3 {Hoping for Nd5.} Be6 21. Nd2 Rfd8 (21... Nxc4 $2 22. Bxc4 Bxc4 23. Nd5 $1 $18 {[%mdl 512]}) ({Better is} 21... Rac8 $15) 22. Rac1 (22. b4 $1 $14) 22... Rac8 23. Rfd1 Bf8 ({Reject} 23... Nxc4 $6 24. Nxc4 Bxc4 25. Bg4 $16 (25. Nd5 Bxe2 26. Nxc7 Bxd1 $14)) 24. b4 Nc6 $1 ({Of course not} 24... Nxc4 $6 25. Nxc4 Bxc4 26. Nd5 $16) 25. Nf3 Qf7 $36 {[%mdl 2048] Black has the initiative.} 26. Rxd8 Rxd8 27. Nd5 g5 {[%cal Bg7g5,Bg5g4][%mdl 32]} 28. Bd3 {[#]} (28. h3 $11 {keeps the balance.}) 28... g4 $1 $17 {[%cal Rg4f3]} 29. Bxh7+ (29. Nd2 $17) 29... Kg7 $2 (29... Kh8 $19 30. Nxe5 (30. Bg6 $2 Qg7 $17) 30... Nxe5) 30. Nh4 $15 {Bg6 is the strong threat.} Nd4 {[%mdl 1024] Black has compensation.} 31. Nf5+ $2 {[%mdl 8192]} (31. Bg6 $17 Nxc2 32. Bxf7 Kxf7 33. Rxc2) 31... Bxf5 {Precision: White = 22%, Black = 51%.} 0-1

[Event "Botvinnik Cup 2018"]
[Site "Moscow"]
[Date "2018.08.13"]
[Round "6"]
[White "Batyrowa, Merjen"]
[Black "Tologontegin, Semetey"]
[Result "0-1"]
[WhiteElo "1555"]
[BlackElo "2419"]
[Annotator "TA"]
[PlyCount "98"]
[EventDate "2018.08.10"]
[EventCountry "RUS"]
[SourceTitle "playchess.com"]
[Source "ChessBase"]
[SourceQuality "1"]

{[%evp 14,98,40,31,39,33,36,31,37,29,45,18,30,22,26,14,25,19,22,0,0,0,23,0,47,0,6,0,5,0,0,0,5,-6,15,16,29,20,61,-40,-25,-38,-38,-41,-41,-41,36,-155,-143,-184,-186,-194,-192,-218,-219,-402,-399,-393,-185,-385,-138,-148,-138,-142,-143,-143,-143,-150,-136,-117,-114,-372,-364,-452,-441,-389,-356,-662,-635,-687,-623,-814,-776,-29965,-29968,-29966,-29964]} 1. d4 Nf6 2. c4 d6 3. Nf3 Bf5 4. Nc3 g6 5. Bg5 Bg7 6. e3 O-O 7. Bd3 Bxd3 {E61: King's Indian: Early deviations for White, including Smyslov System} 8. Qxd3 {LiveBook: 23 Games} c6 (8... Nbd7 9. O-O h6 10. Bh4 g5 11. Bg3 Nh5 12. Rad1 e6 13. d5 Qe7 14. Nd4 a6 15. Qe2 Nxg3 16. hxg3 {1-0 (36) Kramnik,V (2812)-Caruana,F (2804) Leuven 2016}) 9. O-O Nbd7 {White is slightly better.} 10. Rfd1 Qc7 $146 ({Predecessor:} 10... h6 11. Bxf6 Nxf6 12. Rab1 Qa5 13. b4 Qh5 14. Ne2 Qf5 15. Qxf5 gxf5 {0-1 (60) Tomov,G (2292)-Milchev,N (2213) Sunny Beach 2006}) 11. e4 h6 12. Bxf6 Bxf6 13. Rac1 Bg7 14. h3 a6 15. b4 Rfd8 16. a4 e6 17. Qc2 Kh7 18. Qb3 Re8 19. Re1 Rad8 20. Rcd1 Rb8 21. Rc1 Rbd8 22. Rcd1 a5 23. b5 c5 {[%cal Bc6c5,Bc5c4,Bc4c3][%mdl 32]} 24. d5 Nb6 25. dxe6 {Hoping for Nd5.} fxe6 26. Ne2 (26. e5 $1 $14) 26... d5 $15 27. exd5 exd5 28. cxd5 c4 $36 {[%mdl 2048] Black is pushing.} 29. Qc2 Rxd5 ({Black should try} 29... Nxd5 $15 30. Nh4 Qd6) 30. Rxd5 $2 {[#]} (30. h4 $14 {stays ahead.}) 30... Nxd5 $17 31. Ng3 Rxe1+ 32. Nxe1 Nb4 33. Qc1 c3 34. Nc2 $2 (34. Kf1 {is a better defense.}) 34... Qc4 $19 35. Nf1 Nd3 (35... Qa2 $142 36. Nfe3 Qxa4) 36. Qa1 $2 (36. Nfe3 Qxa4 37. Qf1) 36... Nb2 $2 (36... Qf4 $19 37. Qd1 Qxf2+ 38. Kh1 Nb2) 37. Nfe3 $17 Qxa4 38. Qxa4 Nxa4 {[%mdl 4096] Endgame KBN-KNN} 39. Nc4 {[#]} b6 $1 40. Kf1 Kg8 41. Ke2 Kf7 42. N2a3 $2 {[%mdl 8192]} (42. f4 $17 {was worth a try.}) 42... Ke6 $19 43. Kd1 Kd5 44. Kc2 Kc5 45. g4 $2 (45. Ne3) 45... Kb4 46. f4 Bd4 47. h4 Nb2 48. Nxb2 cxb2 49. Nb1 a4 {Precision: White = 21%, Black = 58%.} 0-1

[Event "Botvinnik Cup 2018"]
[Site "Moscow"]
[Date "2018.08.14"]
[Round "7"]
[White "Korotylev, Alexey"]
[Black "Ceres, Dragos"]
[Result "1/2-1/2"]
[WhiteElo "2573"]
[BlackElo "2211"]
[Annotator "TA"]
[PlyCount "64"]
[EventDate "2018.08.10"]
[EventCountry "RUS"]
[SourceTitle "playchess.com"]
[Source "ChessBase"]
[SourceQuality "1"]

{[%evp 15,64,37,52,51,56,47,79,71,95,104,162,26,137,138,150,154,160,151,177,157,179,145,173,147,185,170,208,221,220,119,111,104,99,56,60,56,48,23,48,43,45,35,64,40,48,43,56,52,56,57,81]} 1. Nf3 Nf6 2. c4 e6 3. d4 c5 4. d5 b5 5. Bg5 exd5 6. cxd5 h6 7. Bxf6 Qxf6 8. Qc2 c4 {LiveBook: 6 Games. E10: Blumenfeld Gambit} (8... d6 9. e4 a6 10. a4 b4 11. Nfd2 g6 12. Nc4 Nd7 13. Nbd2 Qe7 14. Bd3 Bg7 15. O-O g5 16. Rfe1 O-O 17. Nf1 Rb8 18. Ng3 {1-0 (47) Narayanan,S (2525)-Karthikeyan,M (2617) Kolkata 2018}) 9. e4 Na6 10. Nc3 Bb4 $146 ({Predecessor:} 10... Rb8 11. Be2 Bd6 12. O-O O-O 13. a4 Nb4 14. Qd2 a6 15. axb5 axb5 16. Ra5 {½-½ (24) Blagojevic,D (2499)-Llaneza Vega,M (2470) Amantea 2010}) 11. a4 Nc5 12. axb5 O-O (12... Qg6 $16 {was necessary.}) 13. Nd2 ({White has to play} 13. Bxc4 $18 {Black must now prevent 0-0.} Re8 14. O-O Bxc3 15. bxc3 (15. Qxc3 Nxe4 16. Qxf6 Nxf6 $16)) 13... Re8 (13... Qg6 $11 {remains equal.}) 14. Bxc4 $16 d6 15. O-O Bd7 16. Kh1 Qd4 17. f3 Rac8 18. Rad1 Nb7 {[%cal Bc5b7,Bb7a5,Ba5b3,Bb3d4][%mdl 32]} 19. Qb3 Bc5 20. Be2 Na5 21. Qa2 Qb4 {[#]} 22. Ndb1 (22. Ra1 $1 $18 Bb6 23. Rfd1) 22... Nb3 23. Bd3 Nd4 24. Na4 Bxb5 25. Nxc5 Rxc5 26. Nc3 Bxd3 27. Rxd3 {White is slightly better.} Nb5 28. h3 Rec8 29. Rg1 Nxc3 30. Rxc3 Rxc3 31. bxc3 Qxc3 32. Qxa7 Qe5 {Precision: White = 44%, Black = 50%.} 1/2-1/2

[Event "Botvinnik Cup 2018"]
[Site "Moscow"]
[Date "2018.08.14"]
[Round "7"]
[White "Korotylev, Alexey"]
[Black "Keller, Rostislav"]
[Result "1-0"]
[WhiteElo "2573"]
[BlackElo "1735"]
[Annotator "TA"]
[PlyCount "75"]
[EventDate "2018.08.10"]
[EventCountry "RUS"]
[SourceTitle "playchess.com"]
[Source "ChessBase"]
[SourceQuality "1"]

{[%evp 20,75,47,41,69,17,130,60,58,50,67,69,104,110,101,65,177,147,193,172,273,268,247,184,177,100,99,97,97,105,128,133,177,166,357,364,361,372,387,372,375,363,381,214,336,203,188,178,228,259,472,458,450,450,840,758,792,778]} 1. d4 Nf6 2. c4 g6 3. Nc3 Bg7 4. e4 d6 5. Nf3 O-O 6. Be2 e5 7. O-O Nc6 8. d5 Ne7 9. a4 Ne8 {E97: King's Indian: Classical Main Line (6...e5 7 0-0 Nc6): 8 Be3 and 8 d5 Ne7, not 9 Ne1} 10. a5 f5 11. Ng5 {LiveBook: 3 Games} f4 $146 {White is slightly better.} ({Predecessor:} 11... h6 12. Ne6 Bxe6 13. dxe6 Kh7 14. Qb3 Rb8 15. Be3 b6 16. axb6 f4 17. Bd2 axb6 18. Nd5 c6 19. Ra7 cxd5 20. Rd7 Qc8 21. cxd5 Nf6 22. Rxe7 Nxe4 23. Rc1 {1-0 (23) Gajewski,G (2646)-Sigfusson,S (2334) Reykjavik 2016}) 12. Bg4 (12. Nf3 $14) 12... Bf6 (12... Nf5 $1 $11) 13. Bxc8 (13. Ne6 $16 Bxe6 14. Bxe6+ Kh8 15. b4) 13... Qxc8 $14 14. Ne6 Rf7 15. c5 Ng7 16. cxd6 cxd6 17. Qb3 g5 ({Black should play} 17... Nc6 $14) 18. Bd2 Qd7 19. Nb5 a6 (19... Ng6 $142 20. Rfc1 a6) 20. Nbc7 $18 Rc8 21. Rfc1 Ng6 22. Qxb7 (22. Rc3 $18) 22... Bd8 $16 {[%cal Rd8c7]} 23. Qxa6 Bxc7 24. Nxg5 Rff8 25. Nf3 Qd8 26. b4 Nh4 $2 {[#]} (26... Ra8 27. Qd3 Rf7) 27. Nxh4 $18 Qxh4 28. f3 Qd8 29. Rc6 Ne8 30. Qc4 Ra8 31. Qc3 (31. Be1 $142) 31... Rf7 (31... Qb8 {keeps fighting.} 32. Be1 Rf7) 32. Ra2 Qb8 33. Qc4 {[%mdl 1024] White has strong compensation.} Qd8 34. Be1 Bb8 $2 {[#]} (34... Kf8 {was called for.} 35. Bf2 Bb8) 35. b5 {[%cal Bb4b5,Bb5b6][%mdl 32] White is clearly winning.} Rb7 36. b6 Nc7 (36... Ba7 $142 37. Bf2 Rbb8) 37. Kf1 Kf7 38. a6 {Precision: White = 65%, Black = 18%.} 1-0